Five Closest Countries to 2018 FIFA World Cup by Confederation - Statistics

General Stats
  • This quiz has been taken 244 times
  • The average score is 16 of 30
Answer Stats
Continent Eliminated in Country % Correct
UEFA Second round: lost to Sweden, 1 point (1 draw and 1 loss), goal diff -1, goal scored 0, fair play points -5 Italy
89%
CONCACAF Fifth round: 5th place United States
83%
CONMEBOL 6th place Chile
77%
OFC Intercontinental play-off: lost to Peru New Zealand
76%
AFC Third round: 5th place gr.A, 12 points China PR
74%
CONMEBOL 7th place Paraguay
74%
CONMEBOL 10th place Venezuela
74%
CONCACAF Fourth round: 3rd place gr.A, 7 points Canada
71%
CONMEBOL 8th place Ecuador
71%
CONMEBOL 9th place Bolivia
70%
CONCACAF Intercontinental play-off: lost to Australia Honduras
69%
CAF Third round: 2nd place gr.C, 8 points, goal diff +2 Côte d'Ivoire
61%
UEFA Second round: lose to Croatia, 1 point (1 draw and 1 loss), goal diff -3 Greece
59%
AFC Third round: 5th place gr.B, 11 points Iraq
56%
CONCACAF Fifth round: 6th place Trinidad and Tobago
56%
UEFA First round: worst runner-up among 9 groups Slovakia
51%
CAF Third round: 2nd place gr.A, 13 points Congo DR
50%
UEFA Second round: lost to Switzerland, 1 point (1 draw and 1 loss), goal diff -1, goal scored 0, fair play points -3 Northern Ireland
50%
OFC Third round - Final stage: lost to New Zealand Solomon Islands
50%
AFC Fourth round: lost to Australia Syria
50%
CONCACAF Fourth round: 3rd plage gr.C, 10 points Guatemala
49%
OFC Third round: 3rd place gr.B, 3 points Papua New Guinea
46%
OFC Third round: 2nd place gr.B, 6 points Tahiti
41%
AFC Third round: 4th place gr.B, 13 points, goal diff -3 United Arab Emirates
37%
AFC Third round: 4th place gr.A, 13 points, goal diff -1 Uzbekistan
37%
OFC Third round: 2nd place gr.A, 5 points New Caledonia
29%
CAF Third round: 2nd place gr.D, 9 points, goal diff +4 Burkina Faso
28%
CAF Third round: 2nd place gr.B, 8 points, goal diff +1 Zambia
27%
CAF Third round: 2nd place gr.E, 9 points, goal diff +1 Uganda
23%
UEFA Second round: lose to Denmark, 1 point (1 draw and 1 loss), goal diff -4 Republic of Ireland
20%
No matching quizzes found
Score Distribution
Percent of People with Each Score
Percentile by Number Answered
Your Score History
You have not taken this quiz